000 00371cam a2200157ua 4500
041 _aeng
_h
082 _a822
_bDEK/TH
100 _aDecker, Thomas .
245 _aThomas Decker /
_cThomas Decker.
_hTextual Documents
260 _aLondon :
_bEarnest Benn Ltd ,
_c1949.
300 _a478 ; .
504 _a
942 _cBK
999 _c482
_d482